LEADER 02241nam 2200361 450 001 9910688304203321 005 20230624151254.0 035 $a(CKB)5400000000043384 035 $a(NjHacI)995400000000043384 035 $a(EXLCZ)995400000000043384 100 $a20230624d2005 uy 0 101 0 $ager 135 $aur||||||||||| 181 $ctxt$2rdacontent 182 $cc$2rdamedia 183 $acr$2rdacarrier 200 10$aBiegefestigkeit von Brettschichtholz aus Buche /$fHans Joachim Blaß 210 1$a[Place of publication not identified] :$cKIT Scientific Publishing,$d2005. 210 4$d©2005 215 $a1 online resource (137 pages) 311 $a1000001371 320 $aIncludes bibliographical references and index. 330 $aIm Hinblick auf den derzeitigen Umbau der deutschen Wa?lder und des damit verbundenen Zuwachses an Laubholz ist die Holzwirtschaft daran interessiert, Voraussetzungen fu?r eine vermehrte Verwendung von Laubholz zu schaffen. Im Bereich des Bauwesens ero?ffnet Brettschichtholz aus Buche fu?r tragende Zwecke wirtschaftlich interessante Anwendungen.Diese Forschungsarbeit beschreibt die Ermittlung von Vorschla?gen fu?r Rechenwerte der Festigkeit und Steifigkeit von Buchen-Brettschichtholz.Die Grundlage waren zahlreiche Festigkeitspru?fungen an 150 mm langen Brettabschnitten, die als Eingangsdaten fu?r ein Rechenmodell dienten.Durch umfangreiche Biegepru?fungen von Brettschichtholztra?gern aus Buche in Bauteilgro?ße konnte die Eignung des Rechenmodells zur Tragfa?higkeitsvorhersage und damit auch zur Ableitung von Bemessungsvorschla?gen nachgewiesen werden.Die Ergebnisse des Rechenmodells und der Pru?fungen belegen eine hohe Biegefestigkeit von Brettschichtholz aus Buche. Durch maschinelle und visuelle Sortierung ko?nnen Festigkeiten erreicht werden, die um bis zu 30 % u?ber den Werten liegen, die durch das bisher verwendete Nadelholz erreichbar sind. 606 $aBeech 615 0$aBeech. 676 $a583.46 700 $aBlaß$b Hans Joachim$01367681 801 0$bNjHacI 801 1$bNjHacl 906 $aBOOK 912 $a9910688304203321 996 $aBiegefestigkeit von Brettschichtholz aus Buche$93391344 997 $aUNINA